IEP Lyon - CF Sociologie Historique de l'Etat (4) - Statistiques

Statistiques générales
  • Ce quiz a été pris 21 fois
    20 depuis la dernière actualisation
  • Le résultat moyen est 56 sur 133
Statistiques - réponses
Hint Réponse % Correct
L’état libéral s’affirme au ...ème siècle en France et en Europe dans différentes dimensions (politique, économique, culturelle). 19
88%
Moore distingue 3 types de modernisation/trajectoires : - la voie révolutionnaire ... (cas typique de l'Angleterre) : rôle important de la ... commerciale (un groupe social possédant une base économique indépendante se développe et se lance à l’assaut d’obstacles hérités du passé qui se dressent sur la route du capitalisme démocratique) bourgeoise
88%
Cela est rappelé par l’article numéro ... de la DDHC : « Le principe de toute Souveraineté réside essentiellement dans la nation. Nul corps, nul individu ne peut exercer d’autorité qui n’en émane expressément » 3
75%
Qui a écrit Les origines sociales de la dictature et de la démocratie ? Barrington Moore
75%
- la voie ... (Russie, Chine) : contexte encore plus faible développement du capitalisme, absence d’une véritable bourgeoisie et maintien d’une structure étatique quasi féodale. L’aristocratie est faible, elle est dépendante du monarque. communiste
75%
Cette révolution est souvent présentée comme l’origine de l’idée républicaine, le creuset de l’... nationale voire même le point de basculement à partir duquel se déploie les droits de l’homme et l’idée de démocratie libérale en Europe. On a une image très positive de cette révolution française, c’est normatif identité
75%
Il est un néo... ou un ... hétérodoxe. Il réduit la politique et la culture à une simple superstructure de la base socio-économique de la société. Mais contrairement aux prévisions de Marx, les révolutions communistes, socialistes etc ont vu le jour dans des sociétés très agraires et non des sociétés plus avancées. Dans les sociétés industrielles, les seules révolutions ont été fascistes. marxiste
75%
Le développement de l’économie est largement guidé par l’Etat. Les principales forces révolutionnaires sont surtout les masses ..., et dans une moindre mesure ouvrières. Les masses ... et les intellectuels s’allient pour qu’un régime collectif et bureaucratique se forme paysannes
75%
- fin du 17ème s. : partie supérieure de la société méritant considération (connotation politique). Mais le roi reste le seul représentant de l’unité du royaume. Le mot nation ne désigne pas encore un corps politique unitaire - 18ème s. : notion étendue au ... tout entier => le mot commence à désigner des communautés historiques vivant dans des royaumes et assujetties au même pouvoir peuple
75%
Pierre ... se met à bonne distance de l’histoire politique traditionnelle et d’une histoire des idées. Il s’efforce d’être attentifs aux interactions entre les acteurs. Il distingue différentes « figures » de l’Etat :
· Etat régalien
· Etat instituteur du social
· Etat providence
· Etat régulateur de l’économie
Rosanvallon
75%
Pour beaucoup d’auteurs, la révolution française vient affirmer un principe de ... nationale. souveraineté
75%
La loi le Chapelier (juin ...) : elle marque la fin des corporations, elle interdit tout rassemblement d’individus au sein d’une même profession 1791
63%
Année de suppression de la Ferme générale ? (32 fermiers généraux seront guillotinés plus tard) 1791
63%
Pour cet auteur, le basculement vers la modernité étatique provient essentiellement des bouleversements ... et intervient nécessairement à travers des révolutions qui concrétisent politiquement des transformations sous-jacentes et préexistantes économique
63%
Il nous faut établir une mise à distance, comme le fait François ... Il considère que la révolution française est un mythe politique ancrée dans la mémoire collective et entretenue par des dispositifs symboliques établis par le gouvernement (lieux de mémoires, figures sur les billets de banques, commémorations, fête nationale…) (donner le nom du pelo) Furet
63%
La RF invente un nouveau sens à la Nation : un projet national subordonné au droit de l’Humanité = un projet « ... » . Le ... c’est celui qui veut autant le bonheur des autres nations que celui de la sienne. Le ... n’est pas exclusif. C’est une sorte de ... réciproque selon Marc Belissa. patriotique / patriote / patriotisme
63%
Eviter un régime fondé sur la participation directe des citoyens : la réalité de l’exercice du pouvoir politique doit être confiée aux .... Sieyès explique : « la plupart de nos concitoyens n’ont ni l’instruction, ni les loisirs nécessaires pour vouloir décider eux-mêmes des affaires publiques […] C’est pour l’utilité commune qu’ils nomment des représentants bien plus capables qu’eux-mêmes de connaitre l’intérêt général et d’interpréter à cet égard leur propre volonté » représentant
63%
Le concept de nation devient alors une solution intellectuelle, utilisée par les révolutionnaires pour fabriquer une vision unitaire du corps politique souverain. C’est le fruit de l’influence très forte de ..., qui construit une communauté imaginaire autour de deux dimensions. Sieyès
63%
Il y a 1154 avec une claire sur-représentation des ... alors que la population de l'époque est majoritairement rurale (85%) urbain / citadin / ville
63%
Un système à bout de souffle, fragmenté --> Le roi droit convoquer les Etats Généraux (aout de quelle année ?) les impôts sont au centre des doléances. 1788
50%
● Désertions et menace de guerre qui grandit : cette nouvelle armée est désertée, il faut alors augmenter le nombre de soldats DONC appel aux volontaires de la Garde Nationale en juin ... : pour compléter l’armée régulière. 1791
50%
La rupture avec Rome a lieu le 10 mars ... (critique de la réforme de 1790) : schisme entre les jureurs et les réfractaires 1791
50%
Loi consulaire du 17 février ... : un préfet dans chaque département (la loi crée le corps préfectoral).Marque vraiment la centralisation du pouvoir. Organise la centralisation en instituant les préfets dans chaque région, nommé par le gouvernement + réforme de l'organisation territoriale (marche jusqu'en 1972) 1800
50%
Dans ce modèle, les parlements sont faibles mais dominent le couple « pouvoir exécutif-bureaucratie » ...politique et libéralisme économique peuvent aller de pair : c’est ce qu’affirme Guy Hermet avec la notion d’ « ... libéral » autoritarisme
50%
- la voie ... réactionnaire (Prusse) : dvp de l'état moderne procède d’un processus révolutionnaire dont les principaux protagonistes sont la bourgeoisie commerçante et industrielle d’une part, et l’aristocratie terrienne de l’autre. Convergence d’intérêts entre deux groupes dominants qui va empêcher la construction de contre-pouvoirs institutionnalisés. capitaliste
50%
Puis Directoire (1795-1799) : retour du suffrage ..., régime complexe, fractionné, naissance du bi-caméralisme censitaire
50%
Une dynamique de ... semble indéniable : ● si on rappelle que la volonté des élites révolutionnaire est de faire en sorte qu’une loi centrale commune s’oppose à l’ensemble des citoyens peu importe d’où ils viennent ● La fin de la mosaïque territoriale d’Ancien Régime (privilèges, exceptions) : c’est à dire la fin des différents régimes d’impositions centralisation
50%
Il est caractérisé par l’affirmation du parlementarisme et des libertés publiques (pov politique), l’intensification des échanges ..., un Etat limité à ses fonctions régaliennes (pov économique) et caractérisé par un souci éducatif et hygiénique (pov social). commmerciaux
50%
● Cette loi crée la ... universelle : inscription de jeunes gens sur des registres (et non le service personnel obligatoire universel Loi Bertheaux de 1905). conscription
50%
● Le concordat de 1516 sera rompu unilatéralement et voté la ... civile du Clergé (12 juillet 1790) : carte diocèses remaniée, élection curés et évêques -> vise à rompre lien église fr et papauté Constitution
50%
La centralisation vient surtout de la période suivante c'est à dire le ... et l'... Consulat / Empire
50%
« Pour l’entretien de la force publique, et pour les dépenses d’administration, une ... commune est indispensable. Elle doit être également répartie entre tous les citoyens, en raison de leurs facultés. » (art. 13 DDHC, 1789) ⇒ L’idée n’est pas de supprimer l’impôt bien que ce soit des libéraux, mais plutôt de le relégitimer auprès de la population contribution
50%
De septembre 1792 à octobre 1795, on a la ... nationale : 1ère République Française « République parlementaire » : période durant laquelle l’exécution de la famille royale est votée Convention
50%
La délégation cléricale est dominée par le bas de la hiérarchie ecclésiastique : ce sont essentiellement des ... (75%) qui composent cette délégation. Parmi eux, bcp sont issus de familles aisées du tiers état => rapprochement entre le 1er et le 3ème ordre, important pour comprendre la dynamique de ‘l’assemblée curé
50%
❖ La première coalition (date des déclarations de guerre) « La patrie est en ... » (11 juillet 1792) (déclaration de l’assemblée législative) appel au volontariat (loi du 22 juillet 1792) danger
50%
Ces révolutions bourgeoises ouvrent précocement la voie à une forme d’état moderne, laquelle est le prélude à un état libéral et .... Moore insiste sur le rôle clé joué par la bourgeoisie : pas de bourgeoisie = pas de ... démocratique / démocratie
50%
Démantèlement de l’ancien système sous la révolution, très rapide ● Suppression des droits féodaux + ... (4 août 1789) puis des impôts indirects très rapidement aussi (aides, gabelles, traites et octroi). dîme
50%
D'octobre 1795 à novembre 1799, c'est le ... : régime collégial qui ne comporte ni héros ni sauveur (entre Robespierre et Napoléon) Directoire
50%
Pouvoir constituant : la nation définit le cadre dans lequel le pouvoir s’exerce, elle définit les règles de fonctionnement du corps politique Le but est d’affirmer le principe d’égalité des citoyens devant le pouvoir et la loi. Cela justifie le droit de participer directement ou indirectement à l’exercice du pouvoir + abolition des privilèges. Il y a une vraie rupture avec le pouvoir monarchique et son corollaire qui est la théorie du droit .... Transformation des conceptions du pouvoir : il n’est plus considéré comme ayant une nature ...e divin
50%
● Re-légitimation de l’impôt : « La Révolution française érige les principes de l'... devant l'impôt et du consentement à l'impôt en impératifs politiques. » (Delalande et Spire) égalité
50%
Mais : ● Des pouvoirs locaux ... (donc légitimité démocratique, ce ne sont pas des administrations aux mains du pouvoir central) et disposant parfois de solides compétences. élu
50%
● Des finances qui semblent fortement désorganisées… ○ recours (rapidement) à des mesures d’... : dons patriotiques. Ex : emprunt forcé d’un milliard sur les riches pour « enchaîner les riches malgré eux à la Révolution en les obligeant de prêter leur fortune à la République » (Pierre Cambon). + pillage des pays occupés exception
50%
La collecte / recouvrement des impôts indirects confié à la ... générale : « une forme de gestion privée du prélèvement fiscal » créé en 1726 avec une forme de gestion privé du prélèvement fiscal --> très impopulaire Ferme
50%
Sur les 4 contributions directes : 4 vieilles :
- Contribution ... (terre)
- Contribution ... (loyers)
- Contribution .... (commerce et industrie), puis impôt sur les portes/fenêtres -> signe extérieurs de richesse. (écrire un des trois mots)
foncière / mobilière / patente
50%
● Contexte 1789 : aucune menace de guerre MAIS coalition de pays autours et risque de guerre (sous Napoléon plutôt). + rôle de la ... Nationale (police auxiliaire ; milice bourgeoise) : se forme assez spontanément avec la prise de la bastille, Lafayette en prend le commandement : pas une force militaire mais plutôt une milice citoyenne Garde
50%
Jacobins/Girondins/Montagnards/Feuillants. Lesquels sont dominant et constituent le gouvernement d'une "bourgeoisie éclairée", méfiance envers le peuple ? Les ... Girondin
50%
Le 5 septembre 1798 : on a la loi ... : "tout Français est soldat et se doit à la défense de la patrie" - Inscription registres communaux. - Critère age au tirage au sort. Jourdan
50%
Pour ... ..., « la révolution française n’invente pas l’Etat nation ». L’idée de la construction de l’Etat Nation au sens contemporain du terme est totalement absente des théories politiques des Lumières. Un nouvel état germe avec la révolution française : l’état de l’Ancien Régime est un appareil de caractère exécutif. Avec la révolution s’opère un renversement absolu entre exécutif et législatif Marc Belissa
50%
● Décret du 23 aout 1793 : une « levée en ... » dans une contexte dramatique (défaites militaires / guerre civile / radicalisations). La convention (92-95) était à la base assez réticente à demander un service obligatoire au citoyen mais la situation semble dramatique et mettre en danger l’existence même de la république --> réquisition des hommes célibataires de 18 à 25 ans masse
50%
A la veille de la révolution, les impôts ne sont pas dûs uniquement au ... Certains impôts (impopulaires) sont payés à l’Eglise (dîme) et d’autre aux seigneurs [droits seigneuriaux] (ex. le champart) monarque / roi
50%
Après la "convention girondine" (sept 92 - juin 93) on passe à la "convention ..." (juil 93 - juil 94) car arrestation de nombreux girondins -> Comité de Salut Public (nom au féminin) et Terreur montagnarde
50%
C'est qui qui crée l'Etat contemporain ? Napoléon
50%
Mais : - suppression de la dîme (août 1789) - ... des biens du clergé (2 novembre 1789) : la nation prend à sa charge les frais du culte nationalisation
50%
Avec la révolution : « une arme sémantique utilisée par les députés, en tant que "représentants du peuple", pour revendiquer l’origine populaire du pouvoir. » qui a écrit ça ? Olivier Nay
50%
Les corporations étaient autrefois des corps intermédiaires très puissants, entre l’individu et la nation. La loi s’attaque aussi aux clubs politiques, aux sociétés populaires et vient empêcher l’expression de la classe ... naissante. ouvrière
50%
● Les députés de 1789
○ craignent l’armée royale
○ défendent le principe « tous les citoyens sont les défenseurs de la ... » (T. Hippler)
patrie
50%
1789-1792 : ... de l’organisation militaire et appel aux volontaires Le problème militaire devient un problème majeur, en effet : qui porte les armes au nom de l’Etat ? Et à quel titre ? réforme
50%
Pour ..., si l’ancien régime cherchait avant tout l’efficacité par une certaine centralisation, l’Etat révolutionnaire cherche lui à produire la nation, et ce en créant une société de citoyens égaux. Rosanvallon
50%
● Le retour des impôts indirects (ex. taxe sur le ..., 1806) : notamment dans la période impériale. sel
50%
Pierre Rosanvallon : L’État moderne devient un « producteur de ... » : car l’Etat doit créer le lien lorsque que les corps intermédiaires ne peuvent plus le faire. sociabilité
50%
On peut résumer la pensée de P. Rosanvallon par cette phrase : « La principale caractéristique de l'État français après 1789 n’est en ce sens ni économique (le degré d’interventionnisme), ni même seulement politique (les formes de la souveraineté) : elle réside d'abord dans la tâche inédite d'ordre ... et ... qu'il s'assigne pour produire la nation, combler le vide provoqué par l’effondrement des structures corporatives et trouver un substitut à l’ancienne "concorde" du corps politique traditionnel » (compléter avec un des bons mots) sociologique / culturel
50%
Après la chute de Robespierre, c'est la "convention ..." (juil 94 - oct 95) : purge politique, députés de la plaine dominants. "Assurer la prépondérance de la bourgeoisie révolutionnaire" thermidorienne
50%
A l’inverse, le 2ème ordre est dominé par l’aristocratie la plus haute : une grande majorité de ceux qui la composent ont une expérience de la vie militaire. « un corps de soldat aristocratique très riche » selon ... ..., qui a établi une biographie collective de ces députés. Timothy Tackett
50%
Septembre 1792 : première expérience au premier suffrage quasi ... masculin mais ensuite "dictature révolutionnaire" (1793-4) universel
50%
● Décret du 16 décembre 1789 : « Les troupes françaises de quelque arme qu’elles soient (…) seront recrutées par engagements ... » volontaire
50%
L'assemblée Législative a lieu de octobre 1791 à septembre ... : c'est une monarchie constitutionnelle très brève. 1792
38%
Globalement, le libéralisme exprime une méfiance à l’encontre du pouvoir, et plus particulièrement de l’Etat. Les libéraux font du pouvoir ... leur ennemi. Dès l’origine, le libéralisme regroupe des idées variées, parfois éloignées les unes des autres. Le camp libéral est loin d’être homogène, mais il apparait longtemps comme un bloc, un système. mais 19ème siècle: éclatement de cette doctrine en plusieurs idéologies absolu
38%
Le droit de vote est réservé aux "citoyens ..." (hommes de + de 25 ans et payant un sens - valeur de 3 journées de travail) + politisation campagnes actif
38%
Les « décrets d’... » de mars 1791 : c’est un faux ami puisque ce sont des lois. Elles affirment la nécessité de supprimer les corporations pour « libéraliser » (attention terme anachronique) le marché du travail Allarde
38%
20 avril 1792 : l'assemblée déclare la guerre à l'... Autriche
38%
● Une ... de l’impôt plus tardive (Napoléon XIXè) : « le Consulat et l'Empire donnent naissance à une nouvelle administration de l'impôt, qui constitue tout au long du XIXè siècle le principal pilier de l'État. » (Delalande et Spire). bureaucratisation
38%
Souveraineté nationale : 1ere élites révolutionnaires : agrégat de ... hétérogènes sans volonté collective vs souverain tout seul. communauté
38%
Laïcisation maintenue avec le Consulat mais un nouveau ... (1801-2) : système de cultes reconnus par l'Etat (redeviennent salariés) Concordat
38%
Mais « élection » n’a pas le même sens actuellement qu’à l’époque des révolutionnaires. Donc il faut bien comprendre qu’il y avait des pratiques potentiellement éloignées du sens contemporain : la « nomination du roi », la « forme du ... » et l’ « élection du peuple ». alors qu'aujourd'hui le ... est considéré comme l'antithèse de l'élection concours
38%
La liberté religieuse et de ... est consacrée rapidement : DDHC article 10 culte
38%
Situation financière et fiscale : fin 18ème, une monarchie très ... (guerres, aide militaire..) endetté
38%
C'est une première forme de service personnel obligatoire mais mesure d’... : envisagé comme dernier recours et certainement pas durable exception
38%
- impôts indirects, taxes sur la consommation en gros (... sur le sel, ... sur la boisson, ... sur les échanges, …), - directs : (la taille touche la classe productive, à l’origine les classes privilégiées en sont exemptées) très impopulaire gabelle / aide / traite
38%
Le transfert de souveraineté du roi au peuple s’opère par une construction ... et ... basée sur l’idée de nation. Etudions l’origine et le sens de ce mot :
- Au début de l’ère chrétienne, nation = toute variété, espèce, race du monde vivant
- XIIème siècle : corporations d’étudiants
idéologique / sémantique
38%
Ces groupes sont hostiles au régime représentatif car il s'agirait de confisquer les parcelles de souveraineté du peuple. Chaque citoyen doit participer aux élections. Consultations fréquentes pour éviter appropriation souveraineté et il faut des mandats "..." : savoir clairement pourquoi ils ont été élus -> soutenus par les montagnards mais au final très peu appliqué impératif
38%
Impôts non déclaratifs. Influence des physiocrates.Peur Etat trop ... (qui connaîtrait la vie privée des individus) intrusif
38%
Fin de la ... démocratique des pouvoirs locaux. Une pyramide descendante des pouvoirs. ( avec une forte hiérarchie, une chaîne de pouvoir issue du centre, du gouvernement, tous les acteurs sont nommés par le gouvernement et ses représentants). légitimité
38%
Sous l'Ancien Régime : l’armée royale était une armée de ... dominée par l’aristocratie / épaulée par des mercenaires / la milice royale (ou milice provinciale) qui devient institution permanente à partir de 1726 métier
38%
L’historien Pierre ... insiste sur la rupture qui opère alors, ce transfert entre souveraineté monarchique puis souveraineté nationale Chaque député est censé représenter la nation toute entière, alors qu’à l’origine la représentation de la nation était séparée en ordre + ce n’est plus un mandat impératif mais représentatif Nora
38%
- fin 18è : entre dans le discours ... (opposition à l'absolutisme), synonyme de communauté soudée par une histoire commune politique
38%
● Lois des 25 mars 1791 et 25 janvier 1792 : pouvoir ... prime sur le pouvoir militaire / condition de soldat / principe d’égalité : viennent accentuer l’emprise du pouvoir civil en affirmant la primauté du pouvoir civil sur le pouvoir révolutionnaire. politique
38%
● Le système fiscal ≠ instrument de ... : Le système fiscal n’a pas vocation à transformer le système économique et social. "seulement prix à payer pour la sécurité et la protection de la propriété" redistribution
38%
Tentative de ... fiscale : nouvelles taxes cette fois pour tous les contribuables, début de remise en cause de privilège des ordres (l’impôt du vingtième en 1749) , tentative ... de la Taille (1763) {en demandant sans trop de succès aux ordres privilégiés de payer plus de taxes. réforme
38%
Le mot nation envoie pour lui à deux sens différents : - Communauté vivante composée d’individus ayant une histoire commune, même si cet ensemble est très hétérogène (notion qui se confond avec le peuple) - Nation désigne également le corps ... qui unit le peuple dans une même volonté politique. Dans cette conception, la nation est une totalité, qui vient se substituer à la réalité physique de la société. Le peuple est hétérogène, la société est composite, mais la nation en présente le visage unifiée/unitaire symbolique
38%
L’état a aussi eu pour mission/fonction d’organiser l’... nationale en donnant des références communes comme la langue, la mémoire collective. unité
38%
Les travaux de B. Moore et ... présentent des points communs. Les deux approches sont pertinentes : elles mettent en lumière la corrélation entre capitalisme et trajectoire étatique. Elles permettent de comprendre comment se déploient les processus de politiques publiques. Mais elles ont du mal à faire face au cas litigieux ou expliquer les formes étatiques qui se sont développées avant le capitalisme. (donner le nom de l'autre pelo) Wallerstein
38%
Donner la date exacte de constitution de l'assemblée générale des députés (cette assemblée qui prononcera la DDHC) 17 juin 1789
25%
Denis Woronoff la qualifie de "République ..." bourgeoise
25%
○ Attaques contre la religion : Fermetures d’églises/ destructions d’objets sacrés / mascarades antireligieuses (processions burlesque où des révolutionnaires griment les religieux en revêtant des ornements saccerdotiques) / ... révolutionnaire (adopté le 24 octobre 1793) / prêtres défroqués, mariés de force, exilés, … calendrier
25%
● La France : corps intermédiaires = survivances féodales + transposition des idéaux néo-libéraux (marché libre etc…) fait qu’on imagine les corps intermédiaires comme des obstacles, au marché du travail mais aussi à la démocratie ⇒ renforcement de l’Etat ... lors de la désorganisation de la société post-révolution. central
25%
Qui invite à mieux contextualiser le sens du mot "élection" ? (nom à particule) Il faut prendre de la distance par rapport à notre tendance contemporaine de lier la démocratie, les élections, et le vote. Association démocratie et élection => processus historique. Christophe le Digol
25%
● Le « vide politique » et la ... de la machine électorale (cf doc. Moodle) : il n’y a pas de campagne, il n’y a pas de déclaration de candidature, il y a des cas d’élection de personnes qui ne voulaient pas l’être. Il y aussi une ... de cet appareil politique confiscation
25%
Le pouvoir législatif est composé de deux ... (des 500 et des Anciens) et 5 directeurs puis Consulat (1799-1804) et Empire (1804-1814) conseil
25%
Avec Napoléon : montée en puissance d'un pouvoir autoritaire, allures monarchiques du régime ou des penchants despotiques mais « Napoléon et son administration restent les symboles d’un Etat nouveau, fondé sur le ... de citoyens égaux et porteur de l’intérêt général » (F. Démier) --> SUM avec le plébiscite consentement
25%
« La Révolution est un moment pivot, car elle lègue un certain nombre de grands principes qui, par la suite, ont été considérés, et sont encore considérés aujourd’hui, comme ceux qui doivent fonder la fiscalité. » (N. Delalande) : le ..., l’... et l’... ... (proportionnalité). consentement / universalité / égalité sociale
25%
● Phase de socialisation du monopole : de nouvelles « ... sociales » (N. Elias) remettent en cause l’équilibre des pouvoirs : remettent en cause la structure de distribution des chances sociales. couche
25%
● Réforme du mode de collecte de l’impôt : l'administration de l'impôt est ... + déléguée aux contribuables décentralisé
25%
Le libéralisme politique s’autonomise également, faisant du ... son principal ennemi. Ce libéralisme est le fondement doctrinal du gouvernement représentatif et de la démocratie parlementaire. Il milite pour que soient portés à la tête de l’Etat des individus ayant la confiance des citoyens. Et finalement libéralisme intellectuel (tolérance et conciliation) despotisme
25%
● De nouvelles institutions et un nouveau mode de ... des positions de pouvoir (l’élection) : par ex l’AN, + nouvelle organisation administrative : uniformisation fiscale, numérique, territoriale, langue ⇒ les droits deviennent le droit : garantir que les activités sociales s’accomplissent de la même manière partout dévolution
25%
D'autres groupes vont imposer La « souveraineté populaire »
○ Inspirée de la république ... (Rousseau)
○ Ici, chaque citoyen détient une part égale de souveraineté / et doit participer directement et personnellement à la formation de la volonté générale
égalitaire
25%
« le service de la dette absorbe plus de la moitié des dépenses. (…) L’État ne peut plus ... ni honorer ses paiements » (Serge Bianchi) emprunter
25%
● Un corps de ... nommés et révocables de receveurs et de trésoriers-payeurs généraux (Directoire) fonctionnaire
25%
« La constitution civile du clergé n'a pas été l'œuvre d'anti cléricaux acharnés à détruire l'église catholique. Elle n'a pas non plus dressé brutalement l'épiscopat français dans une sainte indignation. Si elle est bien le point à partir duquel la Révolution et l'Eglise se séparent et vont devenir des adversaires sans merci, les hommes du printemps 1790 ne le savent pas encore. À travers son décret l'Assemblée constituante a été peu à peu portée à ce conflit, sans en avoir jamais voulu les conséquences. » qui ? François Furet
25%
● La réponse de Patrice ... : une pratique du vote éloignée de la conception moderne : pour lui, dans bien des cas, le vote révolutionnaire reste l’expression d’un vote d’unanimité au sein des blocs, bloc villageois par exemple. La pratique du vote de l’époque reste très éloignée de ce que l’on imagine du vote actuellement(porteur d’un vote réfléchi, voulant éviter le vote communautaire) Gueniffey
25%
« c’est à partir du moment où la nation est considérée comme distincte du peuple réel qu’elle peut devenir le corps politique ... dans lequel tous les citoyens sont associés » Olivier Nay indivisible
25%
● ... de l'état civil (20 septembre 1792) : les registres sont confiés aux communes. Le mariage civil devient la forme légale de l’union et légalisation du divorce. laïcisation
25%
● Collectivisation et l’autonomisation relative des activités politiques : les premières élites révolutionnaires ont tenté de forger un Etat ... -> mais c’est un échec, la tradition étatique de l’interventionnisme perdure. libéral
25%
● Le débat sur l'obligation militaire oppose deux conceptions opposées de la "... politique" liberté
25%
Qui parle de la révolution française et la « démocratisation » des élections ? Sous l’ancien régime, le vote n’était pas inconnu de la population, mais la révolution française le démocratise. Car devient la source de la légitimité politique. Il faut noter une fréquence de vote et d’élection très très importante (plus de 20 fois en peu d’année). Un million de postes électifs sont créés en 1790. La convention nationale inaugure une nouvelle ère en soumettant un projet de constitution directement à l’approbation du peuple Melvin Edelstein
25%
- Des procureur-syndic / procureur général de syndic élus (pour « désarmer le roi » ? Alphonse Aulard) : idée de ne pas donner de ressources trop importantes au monarque. Par la suite les « représentants en ... » (Convention) et les « commissaires » (Directoire). C’est-à-dire des agents du pouvoir central qui viennent potentiellement soumettre les administrations locales. mission
25%
● Création des ... (décret 14 décembre 1789) (qui deviendront les communes, sur les territoires des anciennes paroisses), départements (loi du 22 décembre 1789) + districts et cantons (1790) (subdivision interne des départements). Ces administrations locales doivent être régies par les mêmes lois, si on reste sur cela on peut penser une centralisation totale municipalité
25%
Donner un nom des auteurs qui questionnent la révolution comme un révolte fiscale ? Nicolas Delalande / Alexis Spire
25%
Projet socio-historique de Pierre Rosanvallon : « Ces "États dans l’État" n’ont ni la même ..., ni la même ..., ni le même ... Penser l’État, c’est d’abord réfléchir à ces différences. » origine / histoire / avenir
25%
Cette nouvelle conception de la nation vient fonder un projet politique (celui des élites révolutionnaires) :
- Transfert de souveraineté du roi à la nation
- L’avènement d’une société « ... », dans laquelle les frontières sociales de la féodalité sont abolies, dite ouverte car l’ascension sociale est possible
ouverte
25%
Un certain style de politique publique se met en place, l’initiative de ces PP revient le plus souvent au ... Les processus de PP sont caractérisés par l’intervention de contre-pouvoir (judiciaire, lobby, opposition.. qui disposent par exemple de droit de véto) Parlement
25%
Mise en œuvre principes ... : modernité libérale et économique/politique. Rôle des gouvernants : assurer libertés échanges et mise en place système fiscal physiocratique
25%
Pour lui oui, il y a bien un Succès de l’élection et une rupture fondamentale avec l’ordre ancien : l’ « élection » : un « mode de dévolution des positions de ... [qui] s’étend dorénavant à l’ensemble des activités d’Etat ». pouvoir
25%
Quels sont les deux principes sur lesquels le libéralisme économique s'autonomise ? son ennemi est le dirigisme d'état richesse / propriété
25%
Ex : les municipalités qui « disposent de pouvoirs considérables : elles répartissent les impôts, veillent au maintien de l’ordre et s’occupent des questions matérielles, scolaires, d’assistance, sans tutelle directe d’un quelconque pouvoir supérieur ou central ! » qui a écrit ça ? Serge Bianchi
25%
● Les partisans de la « souveraineté nationale » opposés à la « démocratie » / participation directe. Les premières élites révolutionnaires et notamment ... s’opposaient à un fonctionnement démocratique. Par démocratique elles entendaient la pratique athénienne de l’antiquité qui était non pas de l’élection mais du tirage au sort. Cela traduit une méfiance à l’égard d’une participation directe des citoyens aux affaires publiques. (donner le nom) Sieyès
25%
○ Promotion de cultes non catholiques : les Hébertistes (= les exagérés) le « culte de la Raison » qui seront condamnés par Robespierre qui installe/force son propre culte, celui de l’ « Être ... » (Robespierre, mai 1794)( avec des fêtes et tout) ⇒ liberté religieuse réinstauré après le 9 thermidor et la chute de Robespierre. suprême
25%
« une ..., caractéristique de la modernité démocratique, entre l’idéal du consentement, selon lequel aucun impôt ne peut être levé sans l’accord des contribuables, et le maintien du pouvoir de coercition dont l’État dispose pour subvenir à ses besoins » (N. Delalande) tension
25%
Mais véritable fossé entre ces volontés théoriques (volonté d’état limité) et les pratiques concrètes. Le poids de la ... étatique semble perdurer. Les capacités d’intervention de l’Etat sont loin d’être négligeables => thèse de la continuité tradition
25%
Ce que fait la révolution française, c’est qu’elle donne au mot nation un sens inclusif : les révolutionnaires partagent « une conception ... de la citoyenneté », très éloignée du nationaliste contemporain. universaliste
25%
2 approches de la "Nation" :
- Association ... pour Renan = construction historique.
- Herder : conception fermée de la nation = communauté ethnique.
volontaire
25%
● La « première séparation » des Eglises et de l’Etat Cette première séparation n’est pas liée à la religion mais plutôt à une raison d’..., l’assemblée ne peut plus payer les salaires d’aucun culte. argent / économique
13%
=> Une Eglise « ... » : une église nationale ayant accepté la constitution civile du clergé… mais la situation évolue vers une nouvelle forme de séparation. constitutionnelle
13%
Auj. des « privilèges » ... ? Dénonciation des « privilèges fiscaux des super-riches » (Gabriel Zucman, économiste ) : toujours actuellement des questionnements et dénonciations des privilèges de certaines classes sociales. persistant
13%
Aucun quiz correspondant
Distribution des résultats
% des personnes avec chaque résultat
Percentile par nombre de réponses
Votre historique - résultats
Vous n’avez pas pris ce quiz depuis la dernière actualisation